00434nam a2200145 a 450000500170000000800410001702000180005805000190007624500620009525000220015726000570017930000180023644000180025465000160027220140412111235.0010329s19uu xx 00 eng d a0-673-23912-8 aTR(GS 501bINV aInvitation to mathematics: 2 /cL. Carey Bolster, et. al. aTeacher's Edition aGlenview, Ill :bScott, Foresman and Company,c1988. aT57D ; 495 p. aScottForesman aMathematics